01016nam a2200253 a 450000100060000000300080000600500170001400800410003102000160007203500190008804000270010704100090013408200250014310000460016824500940021425000200030826001270032830000440045565000500049965000320054994200120058199900170059395201520061060331BD-RjUL20211209080827.0161229r19781982ii ||||| |||| 00| 0 ben d c: IRs 6.00  a(BD-RjUL)60455 aBD-RjULbben cBD-RjUL aben  223 a109 bDAB 1982  aদত্ত, অম্লান 917578610aব্যক্তি যুক্তি সমাজ /cঅম্লান দত্ত  a১ম সং.  aকলিকাতা :bআনন্দ পাবলিশার্স, c১৯৭৮ [মুদ্রণ ১৯৮২]  a৬০ পৃ. ; c২১ সেমি  aদর্শন xইতিহাস 9170388 aPhilosophy History 9179527 2ddccBK c60331d60331 00102ddc40718NFICaRUCLbRUCLcReadingd1983-12-07eTulip Enterprise, Dhakag6.00l0oB 109 DAB 1982r2016-12-29 00:00:00tC-1w2016-12-29yBK